[Event "SVK-chT2D 0607"]
[Site "Slovakia"]
[Date "2006.10.15"]
[Round "2.5"]
[White "Kovac, Stefan"]
[Black "Matias, Ladislav"]
[Result "1/2-1/2"]
[WhiteElo "1627"]
[BlackElo "1834"]
[PlyCount "141"]
[EventDate "2006.10.14"]
[EventType "team-tourn"]
[EventRounds "11"]
[EventCountry "SVK"]
[SourceTitle "EXT 2008"]
[Source "ChessBase"]
[SourceDate "2007.11.25"]
[SourceVersion "1"]
[SourceVersionDate "2007.11.25"]
[SourceQuality "1"]
[WhiteTeam "Michalovce Zemplin III"]
[BlackTeam "Kosice DPMK"]
[WhiteTeamCountry "SVK"]
[BlackTeamCountry "SVK"]

1. c4 Nf6 2. Nc3 g6 3. d4 Bg7 4. g3 0-0 5. e4 d6 6. Bg2 Nbd7 7. h3 e5 8. Be3 exd4 9. Bxd4 Re8 10. Nge2 Ne5 11. Bxe5 dxe5 12. 0-0 c6 13. Qc2 Be6 14. b3 Qc7 15. Rad1 Rad8 16. Rxd8 Rxd8 17. Rd1 Bf8 18. Rd3 Rd6 19. Qd1 Nd7 20. Rxd6 Bxd6 21. g4 Bb4 22. Nb1 a5 23. Bf3 a4 24. Nc1 axb3 25. axb3 b5 26. Nd3 Be7 27. Qc2 bxc4 28. bxc4 Qb6 29. Qb2 f6 30. Nd2 Qd4 31. Qxd4 exd4 32. Be2 Bd6 33. f4 c5 34. Kf2 Nb6 35. e5 fxe5 36. Nxe5 Nd7 37. Nxd7 Bxd7 38. Ne4 Be7 39. Bd3 Kg7 40. Ke2 h5 41. Kf3 Ba4 42. gxh5 Bd1+ 43. Be2 Bxe2+ 44. Kxe2 gxh5 45. f5 Kh6 46. Kd3 Kg7 47. Ng3 Kf6 48. Ke4 Kg5 49. Nh1 Kh4 50. Nf2 Kg3 51. Nd3 Kxh3 52. Ke5 Kg3 53. Nf4 d3 54. Nxd3 h4 55. Nf4 Bg5 56. Ne6 Bh6 57. f6 h3 58. Ng7 h2 59. Nf5+ Kg2 60. Nxh6 h1Q 61. Nf5 Qe1+ 62. Kd5 Qe8 63. Nd6 Qf8 64. f7 Kg3 65. Kxc5 Kf4 66. Kd5 Qe7 67. Kc6 Ke5 68. c5 Ke6 69. Kb5 Qd7+ 70. Kb6 Kd5 71. Ka5 1/2-1/2